| 000 | 00937nam a2200229 i 4500 | ||
|---|---|---|---|
| 001 | 160825 | ||
| 003 | ES-MaACL | ||
| 005 | 20250730075636.0 | ||
| 008 | 960115s1780 it |||| | ita d | ||
| 040 |
_aCAM _bspa _cCAM |
||
| 100 | 1 |
_aNuix, Juan ( _d1740-1783) _9130549 |
|
| 245 | 1 | 0 |
_aRiflessioni imparziali sopra l'umanitá degli spagnuoli nell'Indie"contro i pretesi filosofi e politici" per servire di lume alle storie de'signori Raynal e Robertson / _cdel Sig. Abbate D. Giovanni Nuix. |
| 260 |
_aIn Venezia : _b[s.n.], _c1780. |
||
| 300 |
_a346 [i.e. 336] p. ; _c12º. |
||
| 597 | _aSign.: A-O12. | ||
| 597 | _aError de pag., de p. 217 pasa a la 228. | ||
| 600 | 1 | 4 |
_aRobertson, William ( _d1721-1793) _9164575 |
| 600 | 1 | 4 |
_aRaynal, Guillaume-Thomas ( _d1713-1796) _9164574 |
| 650 | 0 | 4 |
_aIndios de América- _xTrato recibido _913674 |
| 852 |
_aES-MaACL _jR-925 _z-- Enc. piel con hierros dorados |
||
| 999 |
_c160825 _d160825 |
||